000 00258nam a2200109Ia 4500
005 20251222114349.0
008 251222s1900||||xx |||||||||||||| ||spa||
082 _aDVD0070/W61
245 0 _aEl joven corcel negro
264 _bWalt Disney Pictures
942 _cDVD
999 _c1164
_d1164